000 02705cam a22004334i 4500
003 PE-LiUPU
005 20250731165415.0
008 151130s2012 pe a grm 000 0 spa d
035 _a(Sirsi) a155285
040 _aPE-LiUPU
_bspa
_cPE-LiUPU
_erda
099 _aSP 3
_bH41 2012
100 1 _aHeredia Delgado, Obis
_eautor
245 1 _aImpacto del programa "corre por tu salud" en los conocimientos, actitudes y prácticas sobre ejercicio físico y condición física en personas sedentarias de la ciudad de Quetzaltenango, Quetzaltenango, Guatemala, 2012.
264 0 _c2012.
300 _a100 hojas :
_bilustraciones;
_c30 cm
336 _atext
_2rdacontent
337 _aunmediated
_2rdamedia
338 _avolume
_2rdacarrier
502 _aTesis
_b(Mg.) --
_cUniversidad Peruana Unión,
_d2012.
520 3 _aEl valor del ejercicio físico es de gran importancia para mejorar su estado de salud con sentido crítico y responsabilidad. -El programa denominado "Corre por tu salud" tiene el objetivo de mejorar los conocimientos, actitudes y prácticas relacionadas al ejercicio físico y lograr como resultado un estilo de vida superior en condición física en dimensiones de, volumen de oxígeno, frecuencia cardiaca, presión arterial e índice de masa corporal de los participantes. - La investigación es de tipo descriptivo porque busca especificar propiedades, características y rasgos importantes de la población en estudio, como también de enfoque cuantitativo pues se recolectaran datos o componentes sobre diferentes aspectos de la muestra a estudiar y se realizara un análisis y medición de los mismos. Es propositiva porque pretende mejorar la condición física en la población de estudio. - El diseño de investigación es pre-experimental y se aplicó un pre y pos-test que permitió obtener un parámetro referencial sobre los conocimientos, actitudes y prácticas sobre el ejercicio físico y condición física en personas sedentarias de la ciudad de Quetzaltenango, Quetzaltenango Guatemala. Y, para la contrastación de la hipótesis se aplicó el estadístico t-student para muestras relacionadas.
526 _aSEG44
526 _aSEG26
526 _aP151
526 _aP150
526 _aP149
526 _aP146
526 _aP145
526 _aP126
526 _aP125
526 _aP92
526 _aP75
526 _aP74
526 _aP27
526 _aP15
650 0 4 _aEjercicios
_xUso terapéutico
_xAspectos psicológicos
596 _a1
942 _2ddc
_cTESIS
999 _aSP 3 H41 2012
_wALPHANUM
_c7964
_iT01312
_lCCODEBUL3
_mBUL
_r1
_sY
_tTESIS
_u2015-11-30
_xPOSGRADO
_PP82
_o.STAFF. Tesis
_d7964
980 _81
_gALBERTO SANCHEZ Responsable de Automatización